[Fossils of Italy /

Bibliographic Details
Main Author: Scalia, S.
Format: Book
Language:Italian
Published: Italy, [publisher not identified] ; 1901-1909.
Subjects:

MARC

Tag First Indicator Second Indicator Subfields
LEADER 00000cam a2200000 4500
001 in00000042178
005 20151007070759.0
008 800531r1909 it f 00010 ita d
035 |a (OCoLC)06375455 
035 |9 AAE4704AM 
040 |a TXA  |c TXA  |d UtOrBLW 
049 |a TXAM  |c [97589] 
090 |a QE755.I8  |b S33 1901 
092 |a 560.945  |b S282f 
100 1 |a Scalia, S. 
245 1 0 |a [Fossils of Italy /  |c by] S. Scalia. 
264 1 |a Italy,  |b [publisher not identified] ;  |c 1901-1909. 
300 |a 6 parts in 1 :  |b plates. 
336 |a text  |b txt  |2 rdacontent 
337 |a unmediated  |b n  |2 rdamedia 
338 |a volume  |b nc  |2 rdacarrier 
500 |a Reprints. 
500 |a Text in Italian. 
650 0 |a Paleontology  |z Italy. 
999 |a MARS 
999 f f |s 69e90a81-4484-3d8b-badb-e1125c5b7cda  |i a57bf8a2-1933-3e1d-b7df-1addddc71a95  |t 0 
952 f f |p ric  |a Texas A&M University  |b Rellis Campus  |c Joint Library Facility  |d Remote Storage  |t 0  |e QE755.I8 S33 1901  |h Library of Congress classification  |i unmediated -- volume  |m A14800963302 
998 f f |a QE755.I8 S33 1901  |t 0  |l Remote Storage